000 01371nam a2200289 a 4500
001 000026259
003 DO-SdBNP
005 20211108090503.0
008 110308t1989 dr 001 0dspa d
040 _aDO-SdBNP
_bspa
_cBNPHU
049 _aBNPD
082 _aC864.44
_bB742v
100 1 _aBosch Quidiello, Patricio,
_d1946-
245 1 0 _aVínculos culturales antillanos /
_cPatricio Bosch Quidiello.
260 _aSanto Domingo :
_bAlfa y Omega,
_c1989.
300 _a91 p. ;
_c21 cm.
504 _aBibliografía p. 79-90.
505 0 _tVínculos culturales domínico-cubanos: la labor literaria y docente de Max Henríquez Ureña en Cuba, reflejada a traves de algunas publicaciones periódicas cubanas --
_tBibliografía o hemerografía --
_tPresencia de Puerto Rico en publicaciones periódicas cubanas de 1902 a 1930 --
_tBibliografía o hemerografía --
_tPresencia del Caribe en literatos, políticos e intelectuales hispanoamericanos que publicaron en algunas revistas cubanas del primer tercio del siglo XX --
_tBibliografía o hemerografía.
590 _6Inventariado, 2021/VM
600 1 4 _aHenríquez Ureña Max
_d1885-1968
_x
650 4 _aEnsayos cubanos
650 4 _aAutores caribeños
_xCrítica e interpretación
650 4 _aAutores caribeños
_xBiobibliografías
650 4 _aLiteratura cubana
910 _aVMateo V.
942 _2ddc
_cBK
999 _c13849
_d13849